000 00671cam a22002413a 4500
001 478
003 PGUSA
005 20140828082948.0
008 960301s1996||||xxu|||||s|||||000 1 eng d
040 _aPGUSA
_beng
042 _adc
050 4 _aPS
100 1 _aPhillips, David Graham,
_d1867-1911
245 1 4 _aThe Cost
_h[electronic resource] /
_cDavid Graham Phillips
260 _bProject Gutenberg,
_c1996
506 _aPublic domain in the USA.
516 _aElectronic text
653 _aDomestic fiction
653 _aMan-woman relationships -- Fiction
830 0 _aProject Gutenberg
_v478
856 4 0 _uhttp://www.gutenberg.org/ebooks/478
942 _cEB
999 _c229829
_d229829